00853nam a2200205 a 4500008004100000020001500041050001600056100002100072245006900093250001200162260003300174300003300207350000900240650001500249650002100264700002300285995017400308995014800482999001700630120416s1980 ||||||||||||||||| || u a0070669619 aQP 34.5 Van aVander, Arthur J10aHuman physiology: the mechanisms of body function. (3rd edition) a3rd ed. aNew York:bMcGraw-Hillc1980 ax, 724 pages : illustrations a0.00 aPHYSIOLOGY 0aHUMAN PHYSIOLOGY aLuciano, Dorothy S aMEDICAL LIBRARY OPEN ACCESSe903064FCBU-SCHOOL OF MEDICINE LIBRARY (Ndola)I0.00jQP 34.5 VanM2UAVAILABLEWSep 7, 2015y903064ZMedical Library Open Access Collection aMAIN LIBRARY OPEN ACCESSD0.00e015088FCBU-MAIN LIBRARY (Kitwe)H1I11.95jQP 34.5 VanUAVAILABLEy015088ZMain Library Open Access Collection c76232d76232